| 000 | 00738nam a2200205Ii 4500 | ||
|---|---|---|---|
| 003 | JO-AjNU | ||
| 008 | 230605s9999||||xx |||||||||||||| ||und|| | ||
| 017 | _a2018/7/3149 | ||
| 040 |
_aJO-AjNU _bara _erda _cJO-AjNU |
||
| 041 | _aara | ||
| 050 | 1 | 4 | _aDS63.2 2018 |
| 100 | 3 |
_aتأليف لو، ليو شين, _eauthor _958455 |
|
| 245 | 0 | 0 | _aدبلوماسية القوة الناعمة : مفتاح لفهم العلاقات الصينية العربية |
| 264 | 3 | 1 | _aعمان: وزارة الثقافة، 2018 |
| 300 | _a229ص | ||
| 336 |
_atext _btxt _2rdacontent |
||
| 337 |
_aunmediated _bn _2rdamedia |
||
| 338 |
_avolume _bnc _2rdacarrier |
||
| 650 | 4 |
_aالصين- علاقات خارجية - البلاد العربية _958456 |
|
| 999 |
_aA26251 _c29819 _d29819 |
||